| 000 | 00580ngm a2200169 4500 | ||
|---|---|---|---|
| 008 | s1997 fr fre u | ||
| 040 | _aLB-BrCRDP | ||
| 082 | 1 |
_a371.335 _bPER. |
|
| 100 | 1 | _aPerriault, Monique | |
| 245 | 1 | 0 |
_aVidéo / Histoires singulières _bRoland CARRIERE _cMonique PERRIAULT |
| 260 |
_aParis _bCentre National de documentation pédagogique de l'académie d'amiens _c1997 |
||
| 490 | 0 | _aRaconte - moi | |
| 500 | _aSix albums s'animent pour les 3/7 ans | ||
| 700 | 1 | _aCARRIERE, Roland | |
| 942 | _cVM | ||
| 999 |
_c16193 _d16193 |
||